00429nam a2200121Ia 45000010005000000080041000050820019000461000076000652450096001412600027002379010028002649990015002921766241024s9999 xx 000 0 und d aRD/510/R426g/8 aRepública Dominicana. Secretaría de Estado de Educación. Básica 0aGuía para el aprendizaje. Matemática octavo grado. Proyecto Escuela Multigrado Innovada bEd. Alfa & Omegac2008 a26/9/2011 11:38:23 a.m. c8192d8192